<?xml version="1.0" encoding="UTF-8"?>
<collection xmlns="http://www.loc.gov/MARC21/slim">
 <record>
  <leader>01379pam a22002538a 4500</leader>
  <controlfield tag="001">00025022</controlfield>
  <controlfield tag="005">20171026081022.0</controlfield>
  <controlfield tag="008">110729s2005                  ||||||Viesd</controlfield>
  <datafield tag="041" ind1="0" ind2="#">
   <subfield code="a">Vie</subfield>
  </datafield>
  <datafield tag="082" ind1="1" ind2="4">
   <subfield code="a">596</subfield>
   <subfield code="b">Đ455V</subfield>
  </datafield>
  <datafield tag="100" ind1="1" ind2="#">
   <subfield code="a">Lê Vũ Khôi</subfield>
  </datafield>
  <datafield tag="245" ind1="1" ind2="0">
   <subfield code="a">Động vật học có xương sống</subfield>
   <subfield code="c">Lê Vũ Khôi</subfield>
  </datafield>
  <datafield tag="260" ind1="#" ind2="#">
   <subfield code="a">H.</subfield>
   <subfield code="b">Giáo dục</subfield>
   <subfield code="c">2005</subfield>
  </datafield>
  <datafield tag="300" ind1="#" ind2="#">
   <subfield code="a">319tr.</subfield>
   <subfield code="b">Hình vẽ</subfield>
   <subfield code="c">27cm.</subfield>
  </datafield>
  <datafield tag="650" ind1="#" ind2="4">
   <subfield code="a">Giáo trình</subfield>
  </datafield>
  <datafield tag="650" ind1="#" ind2="4">
   <subfield code="a">Động vật có xương sống</subfield>
  </datafield>
  <datafield tag="650" ind1="#" ind2="4">
   <subfield code="a">Động vật</subfield>
  </datafield>
  <datafield tag="852" ind1="#" ind2="#">
   <subfield code="b">Kho đọc</subfield>
   <subfield code="j">KD.0006361, KD.0009264</subfield>
  </datafield>
  <datafield tag="852" ind1="#" ind2="#">
   <subfield code="j">KGT.0009114, KGT.0009115, KGT.0009116, KGT.0009117, KGT.0009118, KGT.0009119, KGT.0009120, KGT.0009121, KGT.0009122, KGT.0009123, KGT.0009124, KGT.0009125, KGT.0009126, KGT.0009127, KGT.0009128, KGT.0009129, KGT.0009130, KGT.0009131, KGT.0009132, KGT.0009133, KGT.0009134, KGT.0009135, KGT.0009136, KGT.0009137, KGT.0009138, KGT.0009139, KGT.0009140, KGT.0009141, KGT.0009142, KGT.0009143, KGT.0009144, KGT.0009145, KGT.0009146, KGT.0009147, KGT.0009148, KGT.0009149, KGT.0009150, KGT.0009151, KGT.0009152, KGT.0009153, KGT.0009154, KGT.0009155, KGT.0009156, KGT.0009157, KGT.0009158, KGT.0009159</subfield>
   <subfield code="b">Kho giáo trình</subfield>
  </datafield>
  <datafield tag="852" ind1="#" ind2="#">
   <subfield code="j">KD.0009264</subfield>
  </datafield>
  <datafield tag="910" ind1="0" ind2="#">
   <subfield code="a">Hoa Lê</subfield>
   <subfield code="d">29/07/2011</subfield>
  </datafield>
  <datafield tag="980" ind1="#" ind2="#">
   <subfield code="a">Trung tâm Học liệu Lê Vũ Hùng, Trường Đại học Đồng Tháp</subfield>
  </datafield>
 </record>
</collection>
